00655nam a2200157 a 450000100100000000500170001000800410002702000180006804000250008624501660011126000520027730000210032970000250035095201050037599900170048000004450820201002045426.0140703s2010 br ac 000 0 spa d a9788533306066 aDO-SdBNPbspacBNPHU00aAcervo iconográfico da Biblioteca Nacional :bestudos de Lygia da Fonseca Fernandes da Cunha /cRenata Santos ; organizadores Marcus Venicio Ribeiro...[et.al]. aRio de Janeiro :bMinisterio da Cultura,c2010. a256 p. ;c25 cm.12aRenata Santos972532 001050718MOaGRbGRcCTd2014-07-03iLF1l0o p44508-10r2020-06-25w2020-06-25y1ZNo se presta c43997d43997